Know-how : (Record no. 3873)

MARC details
000 -LEADER
fixed length control field 00665nam a2200217 ar4500
001 - CONTROL NUMBER
control field 3875
005 - DATE AND TIME OF LATEST TRANSACTION
control field 20221127090829.0
008 - FIXED-LENGTH DATA ELEMENTS--GENERAL INFORMATION
fixed length control field 140603s xxua 00110|eng d
020 ## - INTERNATIONAL STANDARD BOOK NUMBER
International Standard Book Number 9780307341518(hpb)
082 04 - DEWEY DECIMAL CLASSIFICATION NUMBER
Classification number 658.4092
Item number C37 2007
100 1# - MAIN ENTRY--PERSONAL NAME
Personal name Charan, Ram.
245 10 - TITLE STATEMENT
Title Know-how :
Remainder of title the 8 skills that separate people who perform from those who don't /
Statement of responsibility, etc. Ram Charan, with Geri Willigan.
250 ## - EDITION STATEMENT
Edition statement 1st ed.
260 ## - PUBLICATION, DISTRIBUTION, ETC.
Place of publication, distribution, etc. New York :
Name of publisher, distributor, etc. Crown Business,
Date of publication, distribution, etc. 2007.
300 ## - PHYSICAL DESCRIPTION
Extent 290 p. :
Other physical details ill. ;
Dimensions 24 cm.
500 ## - GENERAL NOTE
General note Includes index.
650 #4 - SUBJECT ADDED ENTRY--TOPICAL TERM
Topical term or geographic name entry element Leadership.
650 #4 - SUBJECT ADDED ENTRY--TOPICAL TERM
Topical term or geographic name entry element Management.
650 #4 - SUBJECT ADDED ENTRY--TOPICAL TERM
Topical term or geographic name entry element Success in business.
700 0# - ADDED ENTRY--PERSONAL NAME
Personal name Willigan, Geri,
Relator term jt. auth.
Holdings
Withdrawn status Lost status Source of classification or shelving scheme Damaged status Not for loan Home library Current library Date acquired Total Checkouts Full call number Barcode Date last seen Copy number Price effective from Koha item type
              11/27/2022   658.4092 C37 2007 10000000013141 11/27/2022 C1 11/27/2022 Book